| 000 -LEADER |
| fixed length control field |
00521nam a22001817a 4500 |
| 008 - FIXED-LENGTH DATA ELEMENTS--GENERAL INFORMATION |
| fixed length control field |
131009b xxu||||| |||| 00| 0 ger d |
| 020 ## - INTERNATIONAL STANDARD BOOK NUMBER |
| International Standard Book Number |
3854284551 |
| 041 0# - LANGUAGE CODE |
| Language code of text/sound track or separate title |
ger |
| 080 ## - UNIVERSAL DECIMAL CLASSIFICATION NUMBER |
| Universal Decimal Classification number |
124.1 |
| 100 1# - Rafti |
| Rafti |
Zehetner, Gerhard |
| 100 1# - Rafti |
| -- |
Dr. Ing. |
| 245 10 - TITLE STATEMENT |
| Title |
Awendungen der Chaostheorie in der Betriebswirtschaftslehre / |
| Statement of responsibility, etc |
Gerhard Zehetner |
| 260 ## - |
| -- |
Wien : |
| -- |
Facultas Verlag |
| -- |
2003 |
| 300 ## - |
| -- |
242 f. : |
| -- |
me il. ; |
| -- |
24 cm. |
| 500 ## - |
| -- |
Vorwort f. : [XIII] |
| 650 #0 - |
| -- |
Filozofia |
| 650 #0 - |
| -- |
Rregullat - Kaosi |
| 942 ## - ADDED ENTRY ELEMENTS (KOHA) |
| Source of classification or shelving scheme |
|
| Item type |
Books |